000 00442nam a2200157 i 4500
001 141295
003 ES-MaACL
005 20230906200251.0
007 t|
008 070920s1966 sp ||||1| spa d
100 1 _aVives de Fabregas, Elisa.
_9115584
245 1 0 _aPau Casals /
_cElisa Vives de Fabregas.
260 _aBarcelona :
_bRafael Dalmau,
_c[1966]
300 _a453 p., 30 lám. ;
_c24 cm.
852 _aES-MaACL
_jC-30901
_bR.61559
999 _c141295
_d141295